00993nam a22002297a 45000010005000000030006000050050017000110080041000280200018000690400029000870500008001160820008001241000017001322450252001492600126004013000054005274900097005815050008006785210029006865210020007157000028007358759FISKH20251017114303.0251017b cb ||||| |||| 00| 0 eng d a9789995001735 aFISKHbkhrcFISKHdFISKH aPZ7 a895 aSakal, Ngoun aមិត្តដ៏ឧត្តម ( កំណាព្យ ) /cអ្នកនិពន្ធ អ្នកស្រី ងួន សាកល , អ្នកវាយអត្ថបទ អ្នកស្រី ​ហាក់ ផាន្នី  aភ្នំពេញ :bគ្រឹះស្ថានបោះពុម្ពនិងចែកផ្សាយ ,c2013. a16 pages :bcolor illustrations ; c17 X 18 cm .  aកម្រងរឿងនិទានអប់រំសម្រាប់កុមារ  aP 8 a650 bLexile estimate 8 aP bRaz-Plus  aSak, MikeeIllustrator